[Event "MrDodgy Inv 3 GpB"]
[Site "chess24.com INT"]
[Date "2022.11.26"]
[Round "12.8"]
[White "Cori, Jorge"]
[Black "Shevchenko, Kirill"]
[Result "1-0"]
[WhiteTitle "GM"]
[BlackTitle "GM"]
[WhiteElo "2651"]
[BlackElo "2649"]
[WhiteFideId "3802272"]
[BlackFideId "14129574"]
[EventDate "2022.11.26"]

1. d4 d5 2. Nf3 Nf6 3. Bg5 Nbd7 4. Nbd2 g6 5. e3 Bg7 6. Be2 c5 7. c3 O-O 8. O-O
h6 9. Bh4 g5 10. Bg3 Nh5 11. a4 Nxg3 12. hxg3 e6 13. a5 Qe7 14. a6 b6 15. Bb5
Rb8 16. Qa4 g4 17. Ne1 e5 18. Nd3 h5 19. Rfe1 Qd6 20. dxe5 Nxe5 21. Nf4 Bf5 22.
Rad1 Bg6 23. Nf1 h4 24. gxh4 d4 25. cxd4 cxd4 26. Rxd4 Qf6 27. Ng3 Qxh4 28. Be2
b5 29. Qb3 Qg5 30. Rd5 Rbd8 31. Rxd8 Rxd8 32. Qxb5 Bc2 33. Qb7 Rd7 34. Qc8+ 1-0

[Event "MrDodgy Inv 3 GpB"]
[Site "chess24.com INT"]
[Date "2022.11.26"]
[Round "13.1"]
[White "Shevchenko, Kirill"]
[Black "Trent, Lawrence"]
[Result "1-0"]
[WhiteTitle "GM"]
[BlackTitle "IM"]
[WhiteElo "2649"]
[BlackElo "2402"]
[WhiteFideId "14129574"]
[BlackFideId "408638"]
[EventDate "2022.11.26"]

1. e4 c5 2. c3 Qa5 3. Nf3 Nc6 4. Be2 Nf6 5. e5 Ng4 6. O-O Ngxe5 7. Nxe5 Nxe5 8.
d4 Nc6 9. d5 Ne5 10. d6 e6 11. Bf4 Ng6 12. Bg3 f5 13. h4 f4 14. Bh2 Nxh4 15.
Bxf4 Qd8 16. Nd2 b6 17. Ne4 Bb7 18. Bg5 Qc8 19. Bh5+ Ng6 20. Qg4 Qc6 21. Rfe1
Bxd6 22. Rad1 Bc7 23. Qf3 Rf8 24. Qh3 Rf5 25. f3 Kf7 26. Bg4 Rd5 27. c4 Rd4 28.
Be3 Rxd1 29. Rxd1 h6 30. Bh5 d5 31. Qg4 e5 32. cxd5 Bc8 1-0

[Event "MrDodgy Inv 3 GpB"]
[Site "chess24.com INT"]
[Date "2022.11.26"]
[Round "13.2"]
[White "Iturrizaga Bonelli, Eduardo"]
[Black "Cori, Jorge"]
[Result "1-0"]
[WhiteTitle "GM"]
[BlackTitle "GM"]
[WhiteElo "2636"]
[BlackElo "2651"]
[WhiteFideId "3901211"]
[BlackFideId "3802272"]
[EventDate "2022.11.26"]

1. c4 e5 2. g3 Nc6 3. Bg2 g6 4. Nc3 Bg7 5. Rb1 a5 6. a3 Nf6 7. b4 axb4 8. axb4
O-O 9. b5 Na5 10. d3 d6 11. e3 Bf5 12. Nge2 Qd7 13. h3 e4 14. d4 h5 15. Qa4 Rfe8
16. Bd2 b6 17. Qb4 Bf8 18. Nd5 Bg7 19. Nef4 Nh7 20. h4 Bg4 21. O-O g5 22. hxg5
Nxg5 23. Rfc1 Bf3 24. Bf1 h4 25. Be1 Rad8 26. c5 dxc5 27. dxc5 Qf5 28. cxb6 cxb6
29. Ne7+ Rxe7 30. Qxe7 Bf6 31. Qc7 Qh7 32. g4 h3 33. Kh2 Bxg4 34. Qxb6 Qf5 35.
Rc5 Nf3+ 36. Kh1 Ne5 37. Rxe5 Qxe5 38. Qxa5 Bf3+ 39. Kh2 Kg7 40. b6 Qb8 41. b7
Rh8 42. Qf5 Rh6 43. Qxf6+ Rxf6 44. Bc3 1-0

[Event "MrDodgy Inv 3 GpB"]
[Site "chess24.com INT"]
[Date "2022.11.26"]
[Round "13.3"]
[White "Fressinet, Laurent"]
[Black "Salem, A.R. Saleh"]
[Result "1-0"]
[WhiteTitle "GM"]
[BlackTitle "GM"]
[WhiteElo "2622"]
[BlackElo "2677"]
[WhiteFideId "608742"]
[BlackFideId "9301348"]
[EventDate "2022.11.26"]

1. Nf3 Nf6 2. g3 d5 3. Bg2 c5 4. O-O e6 5. d4 cxd4 6. b3 Be7 7. Bb2 O-O 8. Nbd2
Re8 9. Bxd4 Nc6 10. Bb2 Bc5 11. c4 d4 12. Ne1 e5 13. Nd3 Bf8 14. Ne4 Bf5 15.
Ndc5 Bxc5 16. Nxc5 Qe7 17. Nd3 e4 18. Nf4 Rad8 19. h4 h6 20. Qc1 Ng4 21. Nd5 Qe5
22. Qf4 Qxf4 23. gxf4 d3 24. exd3 exd3 25. Bf3 Rd6 26. h5 a5 27. a3 Rde6 28. Bc3
Re2 29. Bxe2 Rxe2 30. b4 axb4 31. axb4 Ne7 32. Nxe7+ Rxe7 33. Rfe1 Rd7 34. Rad1
f6 35. f3 Kf7 36. fxg4 Bxg4 37. Rd2 Bxh5 38. Re4 Bg6 39. Rd4 Re7 40. R4xd3 Bxd3
41. Rxd3 Re4 42. c5 Rc4 43. Bd2 g5 44. fxg5 hxg5 45. Rd7+ Kg6 46. Rxb7 g4 47.
Rc7 Kf5 48. b5 Rc2 49. Be1 Rc1 50. Kf1 g3 51. b6 Kf4 52. Rf7 f5 53. b7 1-0

[Event "MrDodgy Inv 3 GpB"]
[Site "chess24.com INT"]
[Date "2022.11.26"]
[Round "13.5"]
[White "Paravyan, David"]
[Black "Svidler, Peter"]
[Result "0-1"]
[WhiteTitle "GM"]
[BlackTitle "GM"]
[WhiteElo "2586"]
[BlackElo "2683"]
[WhiteFideId "4194985"]
[BlackFideId "4102142"]
[EventDate "2022.11.26"]

1. e4 c5 2. Nf3 e6 3. d4 cxd4 4. Nxd4 a6 5. c3 Qc7 6. Bd3 Nf6 7. O-O Bc5 8. Kh1
d6 9. f4 Nbd7 10. Nd2 O-O 11. N2f3 b5 12. Qe1 Bb7 13. e5 Nh5 14. Qh4 g6 15. exd6
Bxd6 16. Ng5 Ndf6 17. Bd2 Rae8 18. Rae1 h6 19. Nh3 Be7 20. Qf2 Ng4 21. Qe2 Nhf6
22. Nf2 Nxf2+ 23. Qxf2 Bc5 24. Qh4 Qd8 25. Qxh6 Ng4 26. Qh3 Bxd4 27. cxd4 f5 28.
d5 Rf7 29. Qg3 Rh7 30. h3 Qxd5 31. Be4 Qxd2 32. Bxb7 Rxb7 33. h4 Qxb2 34. Rd1
Rh7 35. Kg1 Qf6 36. Rfe1 Rxh4 37. Qxh4 Qxh4 0-1

[Event "MrDodgy Inv 3 GpB"]
[Site "chess24.com INT"]
[Date "2022.11.26"]
[Round "13.6"]
[White "Lagarde, Maxime"]
[Black "Sevian, Samuel"]
[Result "0-1"]
[WhiteTitle "GM"]
[BlackTitle "GM"]
[WhiteElo "2573"]
[BlackElo "2687"]
[WhiteFideId "662399"]
[BlackFideId "2040506"]
[EventDate "2022.11.26"]

1. f4 d5 2. Nf3 g6 3. g3 Bg7 4. Bg2 Nf6 5. O-O O-O 6. d3 Nc6 7. c3 Re8 8. Ne5
Qd6 9. Nxc6 bxc6 10. e4 dxe4 11. dxe4 e5 12. Qxd6 cxd6 13. fxe5 dxe5 14. Bg5 Nd7
15. Na3 Nc5 16. Rfd1 Na4 17. Rd2 Bf8 18. Nc4 Ba6 19. Bf1 Rab8 20. Be3 Nc5 21.
Bxc5 Bxc5+ 22. Kg2 Bf8 23. Ne3 Bc8 24. Bc4 Bh6 25. Kf3 Kg7 26. Rad1 f5 27. exf5
gxf5 28. Rd7+ Bxd7 29. Rxd7+ Kh8 30. Nxf5 e4+ 31. Kg4 Bf8 32. b3 a5 33. Kf4 Ba3
34. g4 Bc1+ 35. Kg3 Rbd8 36. Rxd8 Rxd8 37. Kf2 Bf4 38. Nd4 c5 39. Ne2 Rd2 40. a4
Kg7 41. Ke1 Be3 42. Ng3 Kg6 43. Nxe4 Rxh2 44. Be6 Rb2 45. Bf5+ Kg7 46. Be6 h6
47. Bc4 Kg6 48. Be6 Kg7 49. Bc4 Kf8 50. Nd6 Bd2+ 51. Kd1 Bxc3 52. Ne4 Bb4 53.
Kc1 Rg2 54. Nf6 Kg7 55. Nh5+ Kf8 56. Nf6 Rh2 57. Be6 Ke7 0-1

[Event "MrDodgy Inv 3 GpB"]
[Site "chess24.com INT"]
[Date "2022.11.26"]
[Round "13.7"]
[White "Muradli, Mahammad"]
[Black "Eljanov, Pavel"]
[Result "0-1"]
[WhiteTitle "GM"]
[BlackTitle "GM"]
[WhiteElo "2540"]
[BlackElo "2706"]
[WhiteFideId "13409301"]
[BlackFideId "14102951"]
[EventDate "2022.11.26"]

1. c4 c6 2. Nf3 d5 3. e3 Nf6 4. Nc3 a6 5. d4 Bf5 6. Be2 h6 7. Bd3 Bxd3 8. Qxd3
e6 9. O-O Bb4 10. Bd2 a5 11. a3 Bxc3 12. Bxc3 O-O 13. Rfc1 Nbd7 14. Be1 a4 15.
Bb4 Re8 16. b3 Nb6 17. Nd2 e5 18. Bc5 e4 19. Qc3 Nbd7 20. Bd6 Nf8 21. c5 Ng6 22.
bxa4 Qd7 23. Rcb1 Rxa4 24. h3 Rea8 25. Rb6 Nh4 26. Qb3 R4a7 27. Nf1 Nf5 28. Be5
Nh7 29. Ng3 Nh4 30. a4 Ng5 31. Nf1 Nxh3+ 32. Kh2 Nxf2 33. Bg3 Ng4+ 34. Kg1 Nf5
35. Bf4 g5 36. Bh2 Nxh2 37. Kxh2 Qc7+ 38. Kg1 Kg7 39. Ra2 h5 40. a5 Kg6 41. Rf2
f6 42. a6 Rxa6 43. Rxb7 Qc8 44. Qb6 Rxb6 45. Rxb6 Ra1 46. Rb3 Ng3 0-1

[Event "MrDodgy Inv 3 GpB"]
[Site "chess24.com INT"]
[Date "2022.11.26"]
[Round "13.8"]
[White "Tang, Andrew"]
[Black "Royal, Shreyas"]
[Result "1-0"]
[WhiteTitle "GM"]
[BlackTitle "FM"]
[WhiteElo "2539"]
[BlackElo "2435"]
[WhiteFideId "2059630"]
[BlackFideId "448869"]
[EventDate "2022.11.26"]

1. d4 Nf6 2. c4 e6 3. Nc3 Bb4 4. Qc2 O-O 5. Nf3 d6 6. g3 c5 7. Bg2 Nc6 8. dxc5
dxc5 9. O-O Nd4 10. Nxd4 cxd4 11. Rd1 e5 12. Bg5 Be7 13. Bxf6 Bxf6 14. Nd5 Be6
15. Nxf6+ Qxf6 16. Bxb7 Rab8 17. Bg2 Rfc8 18. b3 a5 19. c5 Qe7 20. Rac1 f5 21.
c6 Rc7 22. Qc5 Bf7 23. Qxa5 h5 24. Qc5 Qf6 25. b4 h4 26. b5 hxg3 27. hxg3 e4 28.
b6 Re7 29. c7 Rf8 30. b7 1-0

[Event "MrDodgy Inv 3 GpB"]
[Site "chess24.com INT"]
[Date "2022.11.26"]
[Round "14.2"]
[White "Eljanov, Pavel"]
[Black "Tang, Andrew"]
[Result "1-0"]
[WhiteTitle "GM"]
[BlackTitle "GM"]
[WhiteElo "2706"]
[BlackElo "2539"]
[WhiteFideId "14102951"]
[BlackFideId "2059630"]
[EventDate "2022.11.26"]

1. e4 e5 2. Nf3 Nc6 3. Bc4 Nf6 4. d3 h6 5. O-O d6 6. a4 g5 7. a5 a6 8. Nc3 Bg7
9. Ne2 Bg4 10. c3 Nh5 11. Ng3 Nf4 12. h3 Be6 13. Nf5 O-O 14. g3 Nxh3+ 15. Kg2 g4
16. Nh2 h5 17. Nxg4 d5 18. Ngh6+ Bxh6 19. Nxh6+ Kg7 20. exd5 Nf4+ 21. gxf4 Bxd5+
22. Bxd5 Qxd5+ 23. Qf3 Qxf3+ 24. Kxf3 Kxh6 25. fxe5+ Kg6 26. d4 Kf5 27. Rh1 Rh8
28. Be3 Rag8 29. Rh4 Rg4 30. Rah1 Rxh4 31. Rxh4 Rh7 32. b4 Nd8 33. Rf4+ Kg6 34.
Rf6+ Kg7 35. d5 h4 36. Kg2 h3+ 37. Kh2 Rh5 38. f4 Kf8 39. c4 c6 40. b5 axb5 41.
cxb5 cxb5 42. Bb6 Ke7 43. Bxd8+ Kxd8 44. Rxf7 Rh6 45. Rxb7 Ra6 46. Rxb5 1-0

[Event "MrDodgy Inv 3 GpB"]
[Site "chess24.com INT"]
[Date "2022.11.26"]
[Round "14.3"]
[White "Sevian, Samuel"]
[Black "Muradli, Mahammad"]
[Result "1-0"]
[WhiteTitle "GM"]
[BlackTitle "GM"]
[WhiteElo "2687"]
[BlackElo "2540"]
[WhiteFideId "2040506"]
[BlackFideId "13409301"]
[EventDate "2022.11.26"]

1. d4 Nf6 2. c4 g6 3. Nc3 Bg7 4. g3 O-O 5. Bg2 d6 6. Nf3 c5 7. O-O Nc6 8. dxc5
dxc5 9. Bf4 Bd7 10. Qc1 Nd4 11. Rd1 Bc6 12. Nxd4 cxd4 13. Be5 Bxg2 14. Kxg2 Qc8
15. Rxd4 Qc5 16. Bxf6 Bxf6 17. Re4 e6 18. Qe3 Qxe3 19. Rxe3 Rac8 20. Ne4 Bxb2
21. Rb1 Bd4 22. Rd3 Rxc4 23. Rxb7 Bb6 24. Nf6+ Kg7 25. Nd7 Re8 26. Nxb6 axb6 27.
Rdd7 Rf8 28. Rxb6 Ra4 29. Rxe6 Rxa2 30. Ree7 h5 31. e4 Ra6 32. e5 Kg8 33. h3 Rb6
34. g4 hxg4 35. hxg4 Ra6 36. Kg3 g5 37. Kf3 Kg7 38. Ke4 Ra2 39. Kf5 Rxf2+ 40.
Kxg5 Kh8 41. Kh4 Re2 42. g5 Kg7 43. e6 Kg6 44. Rxf7 Rh8+ 45. Kg3 Rxe6 46. Rg7+
Kf5 47. Rd5+ Ke4 48. Ra5 Rf8 49. Rb7 Re5 50. Rb4+ Kf5 51. Rf4+ Kg6 52. Rxe5 Rxf4
53. Kxf4 Kh5 54. Re6 1-0

[Event "MrDodgy Inv 3 GpB"]
[Site "chess24.com INT"]
[Date "2022.11.26"]
[Round "14.4"]
[White "Svidler, Peter"]
[Black "Lagarde, Maxime"]
[Result "0-1"]
[WhiteTitle "GM"]
[BlackTitle "GM"]
[WhiteElo "2683"]
[BlackElo "2573"]
[WhiteFideId "4102142"]
[BlackFideId "662399"]
[EventDate "2022.11.26"]

1. e4 e5 2. Nf3 Nc6 3. Bb5 f5 4. Nc3 fxe4 5. Nxe4 Nf6 6. Qe2 d5 7. Nxf6+ gxf6 8.
d4 Bg7 9. dxe5 O-O 10. e6 Ne5 11. Bf4 c6 12. Bd3 Nxd3+ 13. Qxd3 Bxe6 14. Nd4 Qd7
15. O-O-O Bf7 16. Nf5 Bg6 17. g4 Rfe8 18. f3 Bf8 19. h4 Kh8 20. Kb1 Bxf5 21.
gxf5 Bd6 22. Bc1 Re5 23. f4 Re4 24. Rhg1 Qxf5 25. c4 dxc4 26. Qc2 Bc5 27. Rge1
Rae8 28. Re2 Qe6 29. f5 Rxe2 30. fxe6 Rxc2 31. Kxc2 Rxe6 32. Bh6 Kg8 33. h5 f5
34. Rd8+ Kf7 35. Bf4 Re4 36. Bg5 f4 37. Rd7+ Ke6 0-1

[Event "MrDodgy Inv 3 GpB"]
[Site "chess24.com INT"]
[Date "2022.11.26"]
[Round "14.7"]
[White "Cori, Jorge"]
[Black "Fressinet, Laurent"]
[Result "1-0"]
[WhiteTitle "GM"]
[BlackTitle "GM"]
[WhiteElo "2651"]
[BlackElo "2622"]
[WhiteFideId "3802272"]
[BlackFideId "608742"]
[EventDate "2022.11.26"]

1. d4 Nf6 2. Nf3 d5 3. Bg5 Ne4 4. Bf4 c5 5. Nbd2 Nc6 6. e3 Bg4 7. Be2 Nxd2 8.
Qxd2 e6 9. O-O Be7 10. c3 O-O 11. h3 Bh5 12. Rfd1 Rc8 13. Ne5 Bxe2 14. Qxe2 Bd6
15. Nd3 c4 16. Ne5 Bxe5 17. Bxe5 Nxe5 18. dxe5 Qc7 19. f4 f6 20. exf6 Rxf6 21.
Rd2 Rcf8 22. Re1 b5 23. a3 Qf7 24. Qd1 Qg6 25. Qg4 Qh6 26. Qd1 Kh8 27. Kh2 g5
28. g3 Rg8 29. Rf1 Qg6 30. Rg2 Qe4 31. Qd4 Qxd4 32. exd4 gxf4 33. gxf4 Rxg2+ 34.
Kxg2 Kg7 35. Kf3 Rh6 36. Kg3 Kf6 37. Re1 Rg6+ 38. Kf3 h5 39. Re5 h4 40. f5 Rg3+
41. Kf4 exf5 42. Rxd5 Rxh3 43. Rxf5+ Kg6 44. Rxb5 Rh1 45. Kg4 Kf6 46. Rb4 Rb1
47. Kxh4 Kf5 48. Kg3 Ke4 49. Rxc4 Rxb2 50. Rc5 Rc2 51. a4 Rc1 52. a5 Rg1+ 53.
Kf2 Ra1 54. Kg3 Rg1+ 55. Kh4 Kf4 56. Kh5 Ke4 57. Kh6 Rg2 58. Rg5 Rc2 59. Rc5 Rg2
60. Re5+ Kd3 61. Rg5 Rh2+ 62. Rh5 Ra2 63. Rc5 Ke4 64. Kg6 Rf2 65. Re5+ Kd3 66.
Rf5 Rb2 67. Rc5 Rf2 68. Rf5 Rb2 69. Rc5 Rf2 70. Rc7 Ra2 71. Rxa7 Kxc3 72. d5 Rd2
73. Rd7 Kb4 74. Kf6 Kxa5 75. Ke6 Kb6 76. Kd6 Rh2 77. Re7 Rh8 78. Re6 Kb7 79. Kd7
Rh5 80. d6 Rh1 81. Re7 Rh6 82. Re4 Kb6 83. Rb4+ Kc5 84. Rb7 Rh7+ 85. Kc8 Rxb7
86. d7 Kd6 87. d8=Q+ Kc6 88. Qe8+ Kb6 89. Qe6+ 1-0

[Event "MrDodgy Inv 3 GpB"]
[Site "chess24.com INT"]
[Date "2022.11.26"]
[Round "14.8"]
[White "Shevchenko, Kirill"]
[Black "Iturrizaga Bonelli, Eduardo"]
[Result "0-1"]
[WhiteTitle "GM"]
[BlackTitle "GM"]
[WhiteElo "2649"]
[BlackElo "2636"]
[WhiteFideId "14129574"]
[BlackFideId "3901211"]
[EventDate "2022.11.26"]

1. e4 c5 2. Nc3 e6 3. Nf3 a6 4. g3 b5 5. d4 cxd4 6. Nxd4 Bb7 7. Bg2 Nc6 8. Nxc6
Bxc6 9. O-O Bc5 10. Re1 Ne7 11. Bf4 O-O 12. Qd2 Rc8 13. a3 Qb6 14. Rad1 a5 15.
Bd6 b4 16. axb4 Bxb4 17. Bxb4 axb4 18. Na2 Rb8 19. Qd6 Ng6 20. Re3 Qa5 21. Nc1
Rfc8 22. Nb3 Qe5 23. Qxe5 Nxe5 24. Nd4 Nc4 25. Ree1 Nxb2 26. Rb1 Na4 27. Rb3 Nc5
28. Rb2 d6 29. Reb1 Bxe4 30. Rxb4 Rxb4 31. Rxb4 Bxg2 32. Kxg2 d5 33. Kf3 Ne4 34.
Kf4 g6 35. h4 Nxf2 36. Ke5 Ng4+ 37. Kd6 Ne3 38. Nc6 Nf5+ 39. Kd7 Rf8 40. g4 Nxh4
41. Ke7 Kg7 42. Nd8 g5 43. Nc6 Ng6+ 44. Kd6 Ra8 45. c4 dxc4 46. Rxc4 Ra1 47. Rb4
Rd1+ 48. Kc7 Nf4 49. Rb7 h5 50. gxh5 Nxh5 51. Ne5 Rd5 52. Ng4 Nf6 53. Ne3 Rd7+ 0-1

[Event "MrDodgy Inv 3 GpB"]
[Site "chess24.com INT"]
[Date "2022.11.26"]
[Round "15.1"]
[White "Iturrizaga Bonelli, Eduardo"]
[Black "Trent, Lawrence"]
[Result "1-0"]
[WhiteTitle "GM"]
[BlackTitle "IM"]
[WhiteElo "2636"]
[BlackElo "2402"]
[WhiteFideId "3901211"]
[BlackFideId "408638"]
[EventDate "2022.11.26"]

1. c4 g6 2. g3 Bg7 3. Bg2 Nf6 4. Nc3 O-O 5. d4 d6 6. e4 c5 7. Nge2 Nc6 8. d5 Ne5
9. b3 Bg4 10. O-O Bf3 11. Bf4 Nfd7 12. Bxf3 Nxf3+ 13. Kg2 Nd4 14. Rc1 Nxe2 15.
Qxe2 Qa5 16. Bd2 a6 17. h4 Nf6 18. g4 h5 19. f3 Qd8 20. Bg5 Qd7 21. Bxf6 Bxf6
22. gxh5 Kg7 23. hxg6 Rh8 24. Rh1 Rh6 25. h5 fxg6 26. f4 Rah8 27. e5 dxe5 28.
fxe5 Bg5 29. Rcf1 Rxh5 30. Rxh5 Rxh5 31. Qf3 Bf4 32. Ne4 Qf5 33. Qxf4 Qh3+ 34.
Kg1 Rf5 35. Ng5 Qh5 36. Ne6+ Kg8 37. Qg3 Rxf1+ 38. Kxf1 Qd1+ 39. Kg2 Qe2+ 40.
Qf2 Qg4+ 41. Kh2 Qh5+ 42. Kg3 Qxe5+ 43. Qf4 Qe1+ 44. Qf2 Qe5+ 45. Kg2 Qb8 46.
Qb2 1-0

[Event "MrDodgy Inv 3 GpB"]
[Site "chess24.com INT"]
[Date "2022.11.26"]
[Round "15.2"]
[White "Fressinet, Laurent"]
[Black "Shevchenko, Kirill"]
[Result "0-1"]
[WhiteTitle "GM"]
[BlackTitle "GM"]
[WhiteElo "2622"]
[BlackElo "2649"]
[WhiteFideId "608742"]
[BlackFideId "14129574"]
[EventDate "2022.11.26"]

1. d4 Nf6 2. Nf3 g6 3. Bg5 Bg7 4. e3 O-O 5. Be2 d6 6. O-O b6 7. a4 Bb7 8. a5
bxa5 9. Nbd2 Nc6 10. Nb3 Rb8 11. Nfd2 h6 12. Bxf6 Bxf6 13. Bf3 e5 14. c3 Bg7 15.
Qc2 Re8 16. Nxa5 Nxa5 17. Rxa5 c5 18. Rxa7 Bxf3 19. Nxf3 Qb6 20. Qa4 cxd4 21.
cxd4 exd4 22. exd4 Qxb2 23. h3 Qb3 24. Qc6 Qe6 25. Re1 Qc8 26. Rxe8+ Qxe8 27.
Qxd6 Rd8 28. Qf4 Qe6 29. Rb7 Qd5 30. Rb8 Rxb8 31. Qxb8+ Kh7 32. Qb4 Qe4 33. Qc3
Bf8 34. Qe3 Qd5 35. Qe5 Qd7 36. Qf4 Qd5 37. Ne5 Bg7 38. Nf3 Qa2 39. g3 Qe6 40.
Kg2 Qd5 41. h4 Kg8 42. Qb8+ Kh7 43. Qb4 Qe4 44. Qc5 Bf6 45. d5 Bxh4 46. Qc7 Qxd5
47. gxh4 Qf5 48. Qe5 Qg4+ 49. Qg3 Qf5 50. Ne5 Qe4+ 51. Kh2 Qf5 52. Nc4 Qe4 53.
Ne3 h5 54. Ng2 Qf5 55. Qf4 Qe6 56. Ne3 Qe7 57. Kg3 Qe6 58. Ng2 Qb3+ 59. Qf3 Qb8+
60. Kh3 Qc7 61. Qf4 Qd7+ 62. Kh2 Qe6 63. Ne3 Qd7 64. Qe5 Qd8 65. Kg3 Qd7 66. Nd5
Qg4+ 67. Kh2 Qxh4+ 68. Kg2 Qg4+ 69. Kf1 Qh3+ 70. Ke1 Qf3 71. Nf6+ Kh6 72. Ng8+
Kh7 73. Nf6+ Kh6 74. Ne8 f6 75. Nxf6 Qb3 76. Ne4 Qb1+ 77. Ke2 Qc2+ 78. Kf1 Qc8
79. Qf4+ Kg7 80. Qf6+ Kh6 81. Qg5+ Kg7 82. Qe5+ Kh6 83. Nd6 Qh3+ 84. Kg1 Qg4+
85. Kf1 Qd7 86. Qh8+ Kg5 87. Ne4+ Kf5 88. Ng3+ Ke6 89. Qg8+ Kf6 90. Qf8+ Ke5 0-1

[Event "MrDodgy Inv 3 GpB"]
[Site "chess24.com INT"]
[Date "2022.11.26"]
[Round "15.3"]
[White "Grachev, Boris"]
[Black "Cori, Jorge"]
[Result "0-1"]
[WhiteTitle "GM"]
[BlackTitle "GM"]
[WhiteElo "2593"]
[BlackElo "2651"]
[WhiteFideId "4129199"]
[BlackFideId "3802272"]
[EventDate "2022.11.26"]

1. d4 Nf6 2. Bf4 e6 3. e3 b6 4. Qf3 Nc6 5. Nc3 Bb7 6. O-O-O Be7 7. e4 O-O 8. g4
Nb4 9. g5 Nxa2+ 10. Nxa2 Nxe4 11. Bg2 Bxg5 12. Ne2 f5 13. Rhg1 Bd5 14. Nac3 Bc6
15. Nxe4 fxe4 16. Qg4 Rxf4 17. Nxf4 Qf6 18. Kb1 Bxf4 19. Rde1 d5 20. Bh3 Bd7 21.
Rg2 Rf8 22. Qe2 Qxd4 23. Reg1 Be5 24. c3 Qc5 25. Qh5 Bf6 26. Bg4 Qe7 27. Bd1 b5
28. Bc2 b4 29. c4 b3 30. Bxb3 Rb8 31. Rg3 dxc4 32. Bxc4 Rxb2+ 33. Kc1 Rxf2 34.
Qa5 Be8 35. R1g2 Rf3 36. Rxf3 exf3 37. Rf2 Bc6 38. Kc2 Be4+ 39. Kb3 Qd6 40. Rd2
Qb6+ 41. Qxb6 axb6 42. Bxe6+ Kf8 43. Rd7 f2 44. Bc4 Ke8 45. Rd1 c5 46. Bf1 Bd4
47. Kc4 Bc6 48. Rb1 b5+ 49. Kd3 b4 50. Ke2 Ke7 51. Kd2 Kd6 52. Rc1 Bd5 53. Ke2
b3 54. Rb1 b2 55. Kd2 Be4 56. Bd3 Bxd3 57. Kxd3 Kd5 58. Kc2 c4 59. Rf1 c3 60.
Kd3 g5 61. h3 h5 62. Rd1 g4 63. hxg4 hxg4 64. Ke2 g3 65. Rf1 c2 66. Rb1 cxb1=Q
67. Kf3 Qe4+ 0-1

[Event "MrDodgy Inv 3 GpB"]
[Site "chess24.com INT"]
[Date "2022.11.26"]
[Round "15.4"]
[White "Paravyan, David"]
[Black "Salem, A.R. Saleh"]
[Result "1/2-1/2"]
[WhiteTitle "GM"]
[BlackTitle "GM"]
[WhiteElo "2586"]
[BlackElo "2677"]
[WhiteFideId "4194985"]
[BlackFideId "9301348"]
[EventDate "2022.11.26"]

1. e4 e5 2. Nf3 Nc6 3. Nc3 Nf6 4. d4 exd4 5. Nxd4 Bb4 6. Nxc6 bxc6 7. Be2 d5 8.
exd5 cxd5 9. O-O O-O 10. Bf4 c6 11. a3 Bd6 12. Qd2 Bf5 13. Bd3 Bxd3 14. cxd3 a5
15. Rac1 a4 16. Rc2 Re8 17. Rfc1 Qb8 18. Bxd6 Qxd6 19. h3 Nd7 20. Nd1 c5 21. Ne3
g6 22. Qd1 Re6 23. Qf3 Ne5 24. Qxd5 Rd8 25. Qxd6 Rexd6 26. Nc4 Nxd3 27. Nxd6
Nxc1 28. Rxc1 Rxd6 29. Rxc5 Rd1+ 30. Kh2 Rd2 31. f3 Rxb2 32. Rc4 h5 33. Rxa4 Ra2
34. h4 Kg7 35. Ra6 f6 36. Kg3 g5 37. hxg5 fxg5 38. a4 Kh7 39. Kh2 Kg7 40. Kh3
Ra3 41. Kh2 Ra2 42. a5 Kh7 43. Ra8 h4 44. Kh3 Ra4 45. Kh2 Ra1 46. Ra6 Kg7 47.
Kh3 Ra4 48. Ra7+ Kg6 49. Ra8 Kg7 50. a6 Kh7 51. Kh2 Ra1 52. Kh3 Ra4 53. a7 Kg7
54. g3 g4+ 55. fxg4 hxg3 56. Kxg3 Ra3+ 57. Kf4 Ra4+ 58. Kf5 Ra5+ 59. Ke6 Ra6+
60. Kd5 Ra5+ 61. Kc6 Ra1 62. Kb6 Rb1+ 63. Kc5 Rc1+ 64. Kd4 Rd1+ 65. Kc3 Ra1 66.
Kb4 Rb1+ 67. Ka5 Ra1+ 68. Kb6 Rb1+ 69. Kc6 Rc1+ 70. Kd5 Rd1+ 71. Ke4 Re1+ 72.
Kf4 Rf1+ 73. Kg5 Ra1 74. Kh4 Rh1+ 75. Kg3 Rg1+ 76. Kf3 Rf1+ 77. Ke4 Re1+ 78. Kf5
Rf1+ 79. Kg5 Ra1 80. Kf5 Rf1+ 81. Ke6 Re1+ 82. Kd6 Rd1+ 83. Kc6 Ra1 84. Kc7 Rc1+
85. Kd7 Rd1+ 86. Kc6 Rc1+ 87. Kd5 Rd1+ 88. Kc4 Rc1+ 89. Kd4 Rd1+ 90. Ke3 Re1+
91. Kf2 Ra1 92. g5 Ra2+ 93. Kf3 Ra3+ 94. Kg4 Ra4+ 95. Kh5 Ra1 96. Kh4 Ra4+ 97.
Kg3 Ra3+ 98. Kf4 Ra2 99. Ke4 Ra1 100. Kd5 Ra2 101. Kc6 Ra1 102. Kd6 Ra6+ 103.
Kc5 Ra1 104. Kb6 Rb1+ 105. Kc6 Ra1 106. Kd5 Ra5+ 107. Ke4 Ra1 108. Kf3 Ra2 109.
Kg3 Ra1 110. Kg4 Ra4+ 111. Kh5 Ra1 112. Kh4 Rh1+ 113. Kg3 Ra1 114. Kf2 Ra3 115.
Ke2 Ra2+ 116. Kd3 Ra1 117. Kc3 Ra2 118. Kb4 Ra1 119. Kb5 Rb1+ 120. Kc6 Ra1 1/2-1/2

[Event "MrDodgy Inv 3 GpB"]
[Site "chess24.com INT"]
[Date "2022.11.26"]
[Round "15.6"]
[White "Muradli, Mahammad"]
[Black "Svidler, Peter"]
[Result "1-0"]
[WhiteTitle "GM"]
[BlackTitle "GM"]
[WhiteElo "2540"]
[BlackElo "2683"]
[WhiteFideId "13409301"]
[BlackFideId "4102142"]
[EventDate "2022.11.26"]

1. Nf3 g6 2. d4 Nf6 3. c4 Bg7 4. Nc3 d5 5. cxd5 Nxd5 6. e4 Nxc3 7. bxc3 c5 8.
Bb5+ Nd7 9. O-O O-O 10. a4 cxd4 11. cxd4 Nc5 12. e5 a6 13. Be2 Nd7 14. a5 b5 15.
axb6 Nxb6 16. Ba3 Nd5 17. Bc5 Nc3 18. Qd3 Nxe2+ 19. Qxe2 Qd7 20. h3 Bb7 21. Rfb1
a5 22. Nd2 Rfc8 23. Nc4 Qd5 24. Qf1 Ra6 25. Nb6 Rxb6 26. Bxb6 1-0

[Event "MrDodgy Inv 3 GpB"]
[Site "chess24.com INT"]
[Date "2022.11.26"]
[Round "15.7"]
[White "Tang, Andrew"]
[Black "Sevian, Samuel"]
[Result "1/2-1/2"]
[WhiteTitle "GM"]
[BlackTitle "GM"]
[WhiteElo "2539"]
[BlackElo "2687"]
[WhiteFideId "2059630"]
[BlackFideId "2040506"]
[EventDate "2022.11.26"]

1. d4 Nf6 2. c4 e6 3. Nc3 Bb4 4. Qc2 d5 5. cxd5 exd5 6. Bg5 h6 7. Bh4 Bg4 8. e3
O-O 9. f3 Be6 10. Bd3 c5 11. Ne2 Nc6 12. O-O Rc8 13. a3 cxd4 14. exd4 Be7 15.
Bf2 Bd6 16. Rad1 Re8 17. Qd2 Na5 18. Rfe1 Nc4 19. Bxc4 1/2-1/2

[Event "MrDodgy Inv 3 GpB"]
[Site "chess24.com INT"]
[Date "2022.11.26"]
[Round "15.8"]
[White "Royal, Shreyas"]
[Black "Eljanov, Pavel"]
[Result "0-1"]
[WhiteTitle "FM"]
[BlackTitle "GM"]
[WhiteElo "2435"]
[BlackElo "2706"]
[WhiteFideId "448869"]
[BlackFideId "14102951"]
[EventDate "2022.11.26"]

1. e4 c6 2. d4 d5 3. Nc3 dxe4 4. Nxe4 Bf5 5. Ng3 Bg6 6. Nf3 Nf6 7. Bd3 e6 8. Bg5
Nbd7 9. Bxg6 hxg6 10. Qd3 Qa5+ 11. Bd2 Bb4 12. c3 Bd6 13. a4 O-O-O 14. b4 Qc7
15. O-O e5 16. dxe5 Nxe5 17. Nxe5 Bxe5 18. Qe2 Rhe8 19. Be3 Nd5 20. Qf3 f5 21.
Bg5 Bf6 22. Bxf6 gxf6 23. a5 Qf4 24. Qxf4 Nxf4 25. a6 b5 26. Rfc1 Kc7 27. c4 Kb6
28. cxb5 cxb5 29. h4 Rd4 30. Rd1 Red8 31. Rdb1 Rc4 32. Re1 Rxb4 33. h5 Nxh5 34.
Nxh5 gxh5 35. Re6+ Kc5 36. Rxf6 Rbd4 37. Rxf5+ R8d5 38. Rf7 Rd1+ 39. Rxd1 Rxd1+
40. Kh2 Kb6 41. Rh7 Kxa6 42. Rxh5 b4 43. Rh8 Kb7 44. Re8 a5 45. Re5 Kb6 46. g4
b3 47. Re3 a4 48. Re4 a3 49. Rb4+ Kc5 50. Rxb3 a2 51. Rc3+ Kd6 52. Ra3 a1=Q 53.
Rxa1 Rxa1 54. Kg3 Ke6 55. f4 Kf6 56. Kh4 Kg6 57. f5+ Kf6 0-1